000 00394nam a22001697a 4500
005 20160621120358.0
008 160621b xxu||||| |||| 00| 0 eng d
020 _a0-07-463227-2
041 _aeng
082 _b8708
100 _aKoontz, Harold and Weihriel, Heinz
_92342
245 _aEssential of Management
260 _bTMH
300 _a510
650 _aManagement
_9241
942 _cBK
999 _c3368
_d3367